The workshop book of knitting. (Record no. 5417)

MARC details
000 -LEADER
fixed length control field 00655cam a2200253 4500
001 - CONTROL NUMBER
control field 4076266
003 - CONTROL NUMBER IDENTIFIER
control field GBCCL
005 - DATE AND TIME OF LATEST TRANSACTION
control field 20241126110541.0
008 - FIXED-LENGTH DATA ELEMENTS--GENERAL INFORMATION
fixed length control field 731210s1973 nyua 001 0 eng
010 ## -
-- 71157313
020 ## - INTERNATIONAL STANDARD BOOK NUMBER
International Standard Book Number 0689206968
040 ## - CATALOGING SOURCE
Original cataloging agency DLC
Transcribing agency DLC
Modifying agency DLC
050 00 -
-- TT820
-- .V63 1973
082 00 - DEWEY DECIMAL CLASSIFICATION NUMBER
Classification number 746.43
Item number WAR
100 1# - MAIN ENTRY--PERSONAL NAME
Personal name Von Wartburg, Ursula.
9 (RLIN) 9725
245 14 - TITLE STATEMENT
Title The workshop book of knitting.
250 ## - EDITION STATEMENT
Edition statement [1st ed.]
260 ## - PUBLICATION, DISTRIBUTION, ETC.
Place of publication, distribution, etc. New York,
Name of publisher, distributor, etc. Atheneum,
Date of publication, distribution, etc. 1973.
300 ## - PHYSICAL DESCRIPTION
Extent 148 p.
Other physical details illus.
Dimensions 25 cm.
350 ## - PRICE (NR) (BK AM CF MU VM SE) [OBSOLETE]
Price $8.95
650 #0 - SUBJECT ADDED ENTRY--TOPICAL TERM
Topical term or geographic name entry element Knitting.
9 (RLIN) 9726
906 ## - LOCAL DATA ELEMENT F, LDF (RLIN)
a 7
b cbc
c orignew
d 2
e ncip
f 19
g y-gencatlg
942 ## - ADDED ENTRY ELEMENTS (KOHA)
Source of classification or shelving scheme Dewey Decimal Classification
Koha item type Books
Holdings
Withdrawn status Lost status Source of classification or shelving scheme Damaged status Not for loan Home library Current Library Shelving location Date acquired Total checkouts Full call number Barcode Date last seen Copy number Price effective from Koha item type
    Dewey Decimal Classification     GRACE BIBLE COLLEGE GRACE BIBLE COLLEGE General Studies 2018-03-19   746.43 WAR 009726 2025-05-01 c.1 2018-03-19 Books
© Grace Bible College Library 2025